000 00576 a2200169 4500
999 _c5148
_d5148
010 _aENG-86752
020 _c48.00
_a8172084617
035 _aEN-70285
037 _bDBAD / PUB
082 1 4 _a230.35
100 _aPanda, Brahmananda
245 1 _aRaso Vai Sah :
_cby Brahmananda Panda
_bsweetness he alone is /
260 _aPrasanthi Nilayam
_bSri Sathya Sai Books & Publications Trust
_c2006
270 _aPrasanthi Nilayam P.O.
_bPrasanthi Nilayam
_e515 134
_cAnanthapur Dist. (A.P.)
300 _avi, 347p
_c21cm (pbk)
942 _adpl
_cEN
_2ddc
_h230.35
_mPAN